|
|
|
|
| LEADER |
01007nab#a2200349#ar4500 |
| 001 |
000083921 |
| 003 |
SVKKK |
| 005 |
20070430101804.0 |
| 008 |
070430c2006 xo e slo |
| FMT |
|
|
|
| 038 |
|
|
|a SVKKK
|
| 040 |
|
|
|a SVKKK
|b slo
|e AACR2
|
| 041 |
0 |
|
|a slo
|b eng
|b slo
|
| 044 |
|
|
|a xo
|c SK
|
| 080 |
|
|
|a 620.172.251
|2 1997
|
| 080 |
|
|
|a 669.715
|2 1997
|
| 245 |
0 |
0 |
|a Hodnotenie tvárniteľnosti hliníkovej zliatiny 2014 pomocou ťahovej skúšky
|c J. Bidulská ... [et al.]
|
| 300 |
|
|
|b Obr., tab.
|
| 504 |
|
|
|a Bibliogr. odkazy
|
| 504 |
|
|
|a Res. angl., slov.
|
| 650 |
0 |
4 |
|a zliatiny hliníkové 2014
|x tvárniteľnosť
|x skúšky ťahové za tepla
|x krivky deformačné
|
| 700 |
1 |
|
|a Bidulská, J.
|4 aut
|
| 700 |
1 |
|
|a Bidulský, R.
|4 aut
|
| 700 |
1 |
|
|a Kvačkaj, T.
|4 aut
|
| 700 |
1 |
|
|a Vrchovinský, V.
|4 aut
|
| 773 |
0 |
|
|t Acta metallurgica slovaca
|x 1335-1532
|g Roč. 12, č. 1 (2006), s. 78-82
|
| 958 |
|
|
|a NB
|
| 992 |
|
|
|a RBX
|
| BAS |
|
|
|
| 852 |
|
|
|a SVKKK
|b BIB
|
| EXP |
|
|
|
| 998 |
|
|
|a HUT
|